|
|
|
|
| LEADER |
00000nab a2200000 a 4500 |
| 001 |
vtls008932241 |
| 003 |
SK-MaSNL |
| 005 |
20260304140350.0 |
| 008 |
250505 1977 xo | 000 0 slo |
| 015 |
|
|
|a SNBRB1977
|
| 035 |
|
|
|a (uuid)d519fa0f-4263-4f6f-92c8-c840e59acbec
|
| 035 |
|
|
|a urn:nbn:sk:snk-ab1sl8
|
| 035 |
|
|
|a (urnnbn)urn:nbn:sk:snk:ar-a00glr
|
| 040 |
|
|
|a SNKBUCL
|b slo
|c SNKBUCL
|e AACR2
|
| 041 |
0 |
|
|a slo
|
| 044 |
|
|
|a xo
|c SK
|
| 080 |
|
|
|a 791.43.079
|2 2001
|
| 100 |
1 |
|
|a Štric, Ernest,
|d 1925-1993
|4 aut
|9 119971
|
| 245 |
1 |
0 |
|a Zimný festival
|b [FFP]
|c Ernest Štric
|
| 611 |
2 |
7 |
|a Filmový festival pracujúcich
|d (1977 :
|c Česko-Slovensko)
|2 snkbucl
|9 1068463
|
| 650 |
0 |
7 |
|a filmové festivaly a prehliadky
|2 snkbucl
|9 3405
|
| 773 |
0 |
|
|t Film a divadlo
|g Roč. 21, č. 2 (1977), s. 4
|
| 850 |
|
|
|a Slovenská národná knižnica
|
| 852 |
|
|
|a Slovenská národná knižnica
|
| 954 |
|
|
|a odborná, vedecká literatúra pôvodná (slovenská)
|2 lita
|
| 958 |
|
|
|a article27
|
| 958 |
|
|
|a OND
|
| 958 |
|
|
|a EUIPO
|
| 999 |
|
|
|c 2915075
|d 2917005
|